[Event "Albert Boxer Classic"]
[Site "Winnipeg CAN"]
[Date "2006.05.28"]
[Round "4"]
[White "Zaczek, Jonathan"]
[Black "Repa, Jason"]
[Result "1/2-1/2"]
[WhiteElo "2067"]
[BlackElo "1942"]
[PlyCount "59"]
[EventDate "2006.05.26"]
[EventType "swiss"]
[EventRounds "5"]
[EventCountry "CAN"]

1. e4 e6 2. d4 d5 3. Nc3 dxe4 4. Nxe4 Nd7 5. Nf3 Ngf6 6. Bg5 Be7 7. Bxf6 Nxf6
8. Bd3 O-O 9. Qd2 b6 10. O-O-O Bb7 11. Qf4 Nd5 12. Qg3 Nb4 13. Nc3 Nxd3+ 14.
Rxd3 Qd6 15. Qg4 f5 16. Qg3 Be4 17. Rdd1 c5 18. dxc5 Qxc5 19. Nxe4 fxe4 20. Nd4
Rac8 21. Qb3 Bg5+ 22. Kb1 Rxf2 23. Qxe6+ Kh8 24. Qxe4 Bf6 25. c3 Rxb2+ 26. Kxb2
Qxc3+ 27. Kb1 Qb4+ 28. Ka1 Qc3+ 29. Kb1 Qb4+ 30. Ka1 1/2-1/2

[Event "Albert Boxer Classic"]
[Site "Winnipeg CAN"]
[Date "2006.05.28"]
[Round "5"]
[White "Einarsson, Ken"]
[Black "Kwiatek, Jordan"]
[Result "0-1"]
[WhiteElo "1657"]
[BlackElo "1855"]
[PlyCount "72"]
[EventDate "2006.05.26"]
[EventType "swiss"]
[EventRounds "5"]
[EventCountry "CAN"]

1. d4 Nf6 2. c4 c5 3. d5 b5 4. b3 b4 5. Nd2 g6 6. Bb2 Bg7 7. e4 d6 8. Ngf3 O-O
9. Bd3 e6 10. O-O exd5 11. cxd5 a5 12. a3 Na6 13. Nc4 bxa3 14. Rxa3 Nb4 15. Re1
Re8 16. Bb1 Bb7 17. h3 Re7 18. Nfd2 Ra6 19. f4 Qe8 20. Rxa5 Rxa5 21. Nxa5 Bxd5
22. Bxf6 Bxf6 23. Kf1 Ba8 24. Nac4 d5 25. Nd6 Qb8 26. e5 Bh4 27. Re2 Ra7 28. f5
Be7 29. fxg6 fxg6 30. Nf3 Bxd6 31. exd6 Qxd6 32. Re8+ Kg7 33. Qe1 d4 34. Kg1
Bxf3 35. gxf3 d3 36. Bxd3 Nxd3 0-1

[Event "Albert Boxer Classic"]
[Site "Winnipeg CAN"]
[Date "2006.05.28"]
[Round "5"]
[White "Green, Aaron"]
[Black "Wasserman, Leor"]
[Result "1-0"]
[WhiteElo "1346"]
[BlackElo "1402"]
[PlyCount "129"]
[EventDate "2006.05.26"]
[EventType "swiss"]
[EventRounds "5"]
[EventCountry "CAN"]

1. e4 e5 2. Nf3 Nc6 3. Bb5 d6 4. d4 exd4 5. Nxd4 Bd7 6. Nxc6 Bxc6 7. Bxc6+ bxc6
8. Nc3 Nf6 9. O-O Be7 10. f4 O-O 11. e5 dxe5 12. fxe5 Nd7 13. Bf4 Qc8 14. Qg4
g6 15. Qf3 Qb7 16. Rad1 Nc5 17. b3 Qb6 18. Kh1 Rad8 19. Bh6 Ne6 20. Bxf8 Rxf8
21. Rd7 Qb4 22. Qxc6 Bc5 23. Ne4 Nd4 24. Qf6 Nf5 25. Ng5 Qb5 26. Rfd1 Be7 27.
Rxe7 Nxe7 28. Qxe7 Qe2 29. Rg1 h6 30. Nf3 Qxc2 31. Qa3 Qf2 32. Qa5 g5 33. Rc1
g4 34. Ng1 h5 35. Rxc7 h4 36. e6 f5 37. Qxa7 Qxa7 38. Rxa7 f4 39. h3 f3 40.
gxf3 gxf3 41. Nxf3 Rxf3 42. Kg2 Re3 43. Ra8+ Kg7 44. a4 Rxe6 45. a5 Rg6+ 46.
Kh2 Rg3 47. a6 Rxb3 48. a7 Ra3 49. Kg2 Kf7 50. Rh8 Rxa7 51. Rh7+ Ke6 52. Rxa7
Kf5 53. Kf3 Ke5 54. Ra4 Kd5 55. Rxh4 Ke5 56. Rg4 Kf5 57. h4 Ke5 58. h5 Kf6 59.
h6 Ke5 60. h7 Ke6 61. h8=Q Kd5 62. Qh5+ Ke6 63. Rg6+ Kf7 64. Qh7+ Kf8 65. Rg8#
1-0

[Event "Albert Boxer Classic"]
[Site "Winnipeg CAN"]
[Date "2006.05.28"]
[Round "5"]
[White "Joven, Perfecto"]
[Black "Clory, Ron"]
[Result "1-0"]
[WhiteElo "1804"]
[BlackElo "1618"]
[PlyCount "75"]
[EventDate "2006.05.26"]
[EventType "swiss"]
[EventRounds "5"]
[EventCountry "CAN"]

1. e4 d6 2. d4 g6 3. Nc3 Bg7 4. Be3 Nf6 5. Bd3 c6 6. Qd2 b5 7. Bh6 O-O 8. Bxg7
Kxg7 9. f4 b4 10. Nce2 a5 11. Nf3 Qb6 12. h3 Ba6 13. f5 Bxd3 14. cxd3 Nbd7 15.
h4 Rh8 16. h5 Nxh5 17. g4 Nhf6 18. Qh6+ Kg8 19. fxg6 fxg6 20. Rh4 Nf8 21. Ng3
Qb5 22. Kd2 Ra7 23. Rc1 Rc7 24. Nf5 e6 25. Ne3 Kf7 26. Qf4 Ke7 27. g5 Nh5 28.
Rxh5 gxh5 29. Qf6+ Ke8 30. Qxh8 Rf7 31. Ke2 Ke7 32. e5 d5 33. Ng2 Rxf3 34. Kxf3
Qxd3+ 35. Ne3 Qe4+ 36. Ke2 Ng6 37. Qf6+ Kd7 38. Rf1 1-0

[Event "Albert Boxer Classic"]
[Site "Winnipeg CAN"]
[Date "2006.05.28"]
[Round "5"]
[White "Khedkar, Jay"]
[Black "Gentes, Kevin"]
[Result "1/2-1/2"]
[WhiteElo "1877"]
[BlackElo "2314"]
[PlyCount "117"]
[EventDate "2006.05.26"]
[EventType "swiss"]
[EventRounds "5"]
[EventCountry "CAN"]

1. e4 c5 2. Nf3 d6 3. d4 cxd4 4. Nxd4 Nf6 5. Nc3 a6 6. Bg5 e6 7. f4 Nbd7 8. Qf3
Qc7 9. O-O-O Be7 10. Bd3 h6 11. Qh3 Nb6 12. f5 e5 13. Nb3 Bd7 14. Bd2 O-O-O 15.
Rhe1 Nc4 16. Nd5 Nxd5 17. exd5 Nxd2 18. Nxd2 Qa5 19. Kb1 Kb8 20. Be4 g5 21. Qb3
f6 22. Re3 Rc8 23. Nc4 Qb5 24. Nb6 Rc7 25. Nxd7+ Qxd7 26. Qb4 Rc5 27. Rb3 Rhc8
28. g4 Rc4 29. Qe1 Qa4 30. Bd3 Rxg4 31. Qe2 Rb4 32. Qh5 Rxb3 33. axb3 Qf4 34.
Rf1 Qd2 35. Rd1 Qg2 36. c4 g4 37. Qxh6 Qf3 38. Qd2 e4 39. Re1 Qxd3+ 40. Qxd3
exd3 41. Rxe7 Rh8 42. Re3 Rxh2 43. Rxd3 Rh3 44. Rd4 Rxb3 45. Rxg4 Rf3 46. Rg8+
Kc7 47. Rg7+ Kb6 48. Rd7 Kc5 49. Rc7+ Kb4 50. Rd7 Rxf5 51. Rxd6 Kxc4 52. Rb6
Kxd5 53. Rxb7 Kc6 54. Rf7 Rf2 55. Ka2 f5 56. Kb3 f4 57. Kc3 f3 58. b4 Kd5 59.
Kd3 1/2-1/2

[Event "Albert Boxer Classic"]
[Site "Winnipeg CAN"]
[Date "2006.05.28"]
[Round "5"]
[White "Lipnowski, Samuel"]
[Black "Vincent, Trevor"]
[Result "1-0"]
[WhiteElo "2166"]
[BlackElo "2010"]
[PlyCount "55"]
[EventDate "2006.05.26"]
[EventType "swiss"]
[EventRounds "5"]
[EventCountry "CAN"]

1. d4 f5 2. g3 Nf6 3. Bg2 e6 4. c4 c6 5. Nf3 d5 6. O-O Bd6 7. b3 Qe7 8. Bb2 O-O
9. Ne5 Bd7 10. Nd2 Be8 11. Qc2 Nbd7 12. Ndf3 Bh5 13. Rfe1 Rac8 14. c5 Bxe5 15.
Nxe5 Nxe5 16. dxe5 Nd7 17. Bd4 f4 18. Qc3 Rf7 19. Rac1 Rcf8 20. Rc2 Qg5 21. b4
Qh6 22. Rb2 g5 23. a4 g4 24. e4 dxe4 25. Bxe4 Bg6 26. Bg2 f3 27. Bf1 Rf5 28.
Qe3 1-0

[Event "Albert Boxer Classic"]
[Site "Winnipeg CAN"]
[Date "2006.05.28"]
[Round "5"]
[White "Oberton, Daniel"]
[Black "Boron, Anthony"]
[Result "1/2-1/2"]
[WhiteElo "1740"]
[BlackElo "1962"]
[PlyCount "62"]
[EventDate "2006.05.26"]
[EventType "swiss"]
[EventRounds "5"]
[EventCountry "CAN"]

1. e4 d5 2. exd5 Qxd5 3. Nc3 Qe5+ 4. Nge2 Bg4 5. d4 Qa5 6. h3 Bh5 7. f4 f5 8.
Qd3 Nc6 9. a3 Nf6 10. Ng3 Bg6 11. Be3 Nd5 12. O-O-O Nxc3 13. Qxc3 Qxc3 14. bxc3
e6 15. Kb2 Ne7 16. c4 c6 17. Be2 a6 18. Bf3 Bf7 19. Rhe1 b5 20. c5 g6 21. Ne2
Bg7 22. Nc1 O-O 23. Nd3 a5 24. Re2 Rfb8 25. c3 Rd8 26. Bf2 Nd5 27. Bxd5 Rxd5
28. Rde1 h6 29. Bh4 Rb8 30. Ne5 Bxe5 31. Rxe5 Rxe5 1/2-1/2

[Event "Albert Boxer Classic"]
[Site "Winnipeg CAN"]
[Date "2006.05.28"]
[Round "5"]
[White "Repa, Jason"]
[Black "Bince, Rolando"]
[Result "1/2-1/2"]
[WhiteElo "1942"]
[BlackElo "1875"]
[PlyCount "87"]
[EventDate "2006.05.26"]
[EventType "swiss"]
[EventRounds "5"]
[EventCountry "CAN"]

1. f4 c5 2. b3 Nc6 3. e3 Nf6 4. Nf3 d5 5. Bb5 Bd7 6. Bb2 Qb6 7. a4 d4 8. Na3 a6
9. Nc4 Qc7 10. Bxc6 Bxc6 11. a5 dxe3 12. dxe3 Rd8 13. Qe2 Bb5 14. O-O e6 15.
Be5 Qc8 16. Rfd1 Be7 17. Rxd8+ Qxd8 18. Rd1 Qxa5 19. Nfd2 Bxc4 20. Nxc4 Qb5 21.
Bxf6 gxf6 22. Nd6+ Bxd6 23. Qxb5+ axb5 24. Rxd6 Ke7 25. Rb6 Rb8 26. Rxb5 b6 27.
b4 cxb4 28. Rxb4 Kd6 29. Kf2 Kc5 30. Rd4 b5 31. Rd7 Rf8 32. Ke2 f5 33. Kd3 Kc6
34. Re7 Kd6 35. Rb7 Kc6 36. Ra7 Kd5 37. g3 h5 38. Ra5 Kc6 39. Ra7 Kd5 40. h4
Kc5 41. Rc7+ Kd6 42. Ra7 Kd5 43. Rd7+ Kc6 44. Ra7 1/2-1/2

[Event "Albert Boxer Classic"]
[Site "Winnipeg CAN"]
[Date "2006.05.28"]
[Round "5"]
[White "Rumpel, Chris"]
[Black "Plocek, Jaroslav"]
[Result "1-0"]
[WhiteElo "1748"]
[BlackElo "1488"]
[PlyCount "41"]
[EventDate "2006.05.26"]
[EventType "swiss"]
[EventRounds "5"]
[EventCountry "CAN"]

1. d4 d5 2. c4 e6 3. Nc3 Nf6 4. Bg5 Be7 5. e3 c6 6. Bd3 Nbd7 7. Nf3 O-O 8. h3
h6 9. Bf4 Re8 10. Qc2 c5 11. O-O dxc4 12. Bxc4 Nb6 13. Bd3 cxd4 14. exd4 Bd6
15. Ne5 Nh5 16. Nxf7 Kxf7 17. Bxd6 Kg8 18. Bg6 Qxd6 19. Bxe8 Nf6 20. Bg6 Qxd4
21. Rad1 1-0

[Event "Albert Boxer Classic"]
[Site "Winnipeg CAN"]
[Date "2006.05.28"]
[Round "5"]
[White "Rutter, Blair"]
[Black "Gannon, Keith"]
[Result "1-0"]
[WhiteElo "1786"]
[BlackElo "1526"]
[PlyCount "59"]
[EventDate "2006.05.26"]
[EventType "swiss"]
[EventRounds "5"]
[EventCountry "CAN"]

1. c4 c5 2. g3 e6 3. Bg2 d5 4. cxd5 exd5 5. Nf3 Nf6 6. O-O Be7 7. d4 b6 8. Nc3
Bb7 9. Re1 O-O 10. h3 Ne4 11. Be3 Bf6 12. Qc2 Na6 13. Rad1 Nb4 14. Qb1 Rc8 15.
dxc5 Bxc3 16. bxc3 Nxc3 17. Qxb4 Nxd1 18. Rxd1 Ba6 19. cxb6 Bxe2 20. Rd2 Rc1+
21. Kh2 Rc4 22. Qb2 Bxf3 23. Bxf3 Qb8 24. bxa7 Qxb2 25. Rxb2 g6 26. Bxd5 Ra4
27. Rb8 h5 28. Rxf8+ Kxf8 29. a8=Q+ Rxa8 30. Bxa8 1-0

[Event "Albert Boxer Classic"]
[Site "Winnipeg CAN"]
[Date "2006.05.28"]
[Round "5"]
[White "Schulz, Waldemar"]
[Black "Greenberg, Harley"]
[Result "1-0"]
[WhiteElo "2110"]
[BlackElo "1712"]
[PlyCount "57"]
[EventDate "2006.05.26"]
[EventType "swiss"]
[EventRounds "5"]
[EventCountry "CAN"]

1. d4 Nf6 2. Nf3 e6 3. c4 c5 4. d5 exd5 5. cxd5 d6 6. Nc3 g6 7. e4 Bg7 8. Be2
O-O 9. O-O Na6 10. h3 Nc7 11. Bf4 Rb8 12. a4 b6 13. Nd2 a6 14. Nc4 Nfe8 15. e5
b5 16. axb5 Nxb5 17. Nxb5 Rxb5 18. Nxd6 Rb4 19. Nc4 Nc7 20. d6 Ne6 21. Bd2 Rxc4
22. Bxc4 Bxe5 23. Bxa6 Qxd6 24. Bh6 Qxd1 25. Rfxd1 Bxb2 26. Bxf8 Bxa1 27. Bxc8
Bd4 28. Bh6 c4 29. Bxe6 1-0

[Event "Albert Boxer Classic"]
[Site "Winnipeg CAN"]
[Date "2006.05.28"]
[Round "5"]
[White "Tang, Edward"]
[Black "Cleto, Sam"]
[Result "0-1"]
[WhiteElo "2004"]
[BlackElo "1821"]
[PlyCount "44"]
[EventDate "2006.05.26"]
[EventType "swiss"]
[EventRounds "5"]
[EventCountry "CAN"]

1. d4 Nf6 2. c4 e6 3. Nc3 Bb4 4. Qc2 c5 5. dxc5 Bxc5 6. Nf3 Nc6 7. Bg5 h6 8.
Bh4 d5 9. e3 g5 10. Bg3 Nb4 11. Qb1 O-O 12. a3 Nc6 13. Be2 dxc4 14. Bxc4 Nd5
15. Qc2 g4 16. Ne5 Nxe5 17. Bxe5 Qg5 18. Bg3 Nxc3 19. Qxc3 Be7 20. Bf4 Qh5 21.
Rd1 b5 22. Bb3 b4 0-1

[Event "Albert Boxer Classic"]
[Site "Winnipeg CAN"]
[Date "2006.05.28"]
[Round "5"]
[White "Van Wyk, Joseph"]
[Black "Zaczek, Jonathan"]
[Result "0-1"]
[WhiteElo "1882"]
[BlackElo "2067"]
[PlyCount "38"]
[EventDate "2006.05.26"]
[EventType "swiss"]
[EventRounds "5"]
[EventCountry "CAN"]

1. e4 c5 2. c3 Nf6 3. e5 Nd5 4. d4 cxd4 5. cxd4 Nc6 6. Nc3 Nxc3 7. bxc3 d6 8.
f4 e6 9. Nf3 Be7 10. Bd3 Bd7 11. O-O Rc8 12. Qe1 Qc7 13. Ba3 dxe5 14. Bxe7 Nxe7
15. fxe5 Qxc3 16. Qe2 Nc6 17. Rac1 Nxd4 18. Qe3 Nxf3+ 19. Qxf3 Qd4+ 0-1

[Event "Albert Boxer Classic"]
[Site "Winnipeg CAN"]
[Date "2006.05.28"]
[Round "5"]
[White "Wood, Nathan"]
[Black "Prince, Colin"]
[Result "0-1"]
[WhiteElo "1528"]
[BlackElo "1873"]
[PlyCount "60"]
[EventDate "2006.05.26"]
[EventType "swiss"]
[EventRounds "5"]
[EventCountry "CAN"]

1. c4 Nf6 2. Nc3 g6 3. g3 c6 4. Bg2 Bg7 5. Nf3 d5 6. cxd5 cxd5 7. d3 Nc6 8. O-O
O-O 9. Rb1 e5 10. b3 Bg4 11. h3 Be6 12. Ng5 h6 13. Nxe6 fxe6 14. Na4 b6 15. Ba3
Rf7 16. Rc1 Nd4 17. e3 Nf5 18. Rc6 Qd7 19. Qc2 Re8 20. Rc1 Bf8 21. Bxf8 Rexf8
22. Qd2 Ne8 23. R6c2 Qe7 24. g4 Nh4 25. Rc8 Rf3 26. e4 Nxg2 27. Kxg2 Qh4 28.
Rh1 Nf6 29. Qc3 Nxe4 30. Qxe5 Qxf2# 0-1

[Event "Alekhine"]
[Site "Quebec CAN"]
[Date "2006.09.18"]
[Round "3"]
[White "Bluteau, Yvon"]
[Black "Chiffot, Nicolas"]
[Result "1-0"]
[WhiteElo "1785"]
[BlackElo "1674"]
[PlyCount "57"]
[EventDate "2006.09.04"]
[EventType "swiss"]
[EventRounds "4"]
[EventCountry "CAN"]

1. d4 Nf6 2. Nf3 g6 3. Bf4 d6 4. Nc3 c6 5. e4 b5 6. Bd3 a6 7. Qd2 Nbd7 8. O-O
Bg7 9. Rfe1 O-O 10. Bh6 e5 11. Bxg7 Kxg7 12. Rad1 Nh5 13. Bf1 Re8 14. g3 Qb6
15. Ne2 Nhf6 16. Ng5 h6 17. dxe5 dxe5 18. Nxf7 Kxf7 19. Qxh6 Qxf2+ 20. Kh1 Qf3+
21. Bg2 Qh5 22. Qe3 Rh8 23. h3 Nf8 24. Ng1 Ne6 25. Rf1 Qg5 26. Qc3 Nd4 27. Qd3
Bd7 28. c3 Ne6 29. Qxd7+ 1-0

[Event "Alekhine"]
[Site "Quebec CAN"]
[Date "2006.09.25"]
[Round "4"]
[White "Caron, Sebastien"]
[Black "Vallieres, David"]
[Result "1/2-1/2"]
[WhiteElo "1948"]
[BlackElo "1717"]
[PlyCount "105"]
[EventDate "2006.09.04"]
[EventType "swiss"]
[EventRounds "4"]
[EventCountry "CAN"]

1. d4 Nf6 2. Nf3 e6 3. e3 d5 4. Bd3 c5 5. c3 Bd6 6. Nbd2 Nc6 7. O-O O-O 8. e4
e5 9. exd5 Nxd5 10. dxe5 Bxe5 11. Nxe5 Nxe5 12. Bxh7+ Kxh7 13. Qh5+ Kg8 14.
Qxe5 Re8 15. Qg3 Re6 16. Qd3 Rg6 17. g3 Qg5 18. Nb3 Qh5 19. f3 Qh3 20. Rf2 Bf5
21. Qf1 Qxf1+ 22. Rxf1 c4 23. Nd4 Bd3 24. Re1 Rb6 25. Re5 Rd8 26. a4 f6 27. Re1
Kf7 28. Ra2 a6 29. a5 Rbd6 30. Kf2 Nb4 31. Ra4 Rxd4 32. cxd4 Nc2 33. Rd1 Re8
34. Rd2 Re1 35. Rxc2 Bxc2 36. Rxc4 Rxc1 37. Ke3 Ke6 38. Kd2 Rh1 39. Rxc2 Rxh2+
40. Kd3 Rh3 41. Rc7 Rxg3 42. Ke3 Rg5 43. Rxb7 Rxa5 44. Rxg7 Rb5 45. Rg2 Kf5 46.
Rc2 Rb3+ 47. Ke2 Rb4 48. Rd2 Ke6 49. d5+ Kd6 50. Ke3 f5 51. Kf2 Rb5 52. Kg3
Rxd5 53. Rh2 1/2-1/2

[Event "Anderson mem"]
[Site "Edmonton CAN"]
[Date "2006.07.17"]
[Round "2"]
[White "Mendryk, Wayne"]
[Black "Loke, Myron"]
[Result "1/2-1/2"]
[WhiteElo "1422"]
[BlackElo "1209"]
[PlyCount "128"]
[EventDate "2006.07.10"]
[EventType "swiss"]
[EventRounds "4"]
[EventCountry "CAN"]

1. e4 e5 2. Nf3 Nc6 3. Bb5 a6 4. Ba4 Nf6 5. O-O b5 6. Bb3 Bc5 7. h3 d6 8. Re1
O-O 9. c3 Be6 10. d4 exd4 11. cxd4 Bb4 12. Nc3 Bd7 13. Bg5 h6 14. Bh4 Re8 15.
e5 g5 16. Bg3 dxe5 17. dxe5 Nh5 18. Bh2 g4 19. hxg4 Bxg4 20. Bd5 Bxc3 21. bxc3
Qd7 22. Bxc6 Qxc6 23. Qd3 Rad8 24. Qe3 Bxf3 25. gxf3 Qg6+ 26. Kh1 Kh7 27. Rg1
Qe6 28. Rg4 Rg8 29. Qe4+ Kh8 30. Qe3 Kh7 31. Rh4 Ng7 32. Qe4+ Qf5 33. Qe2 Qd3
34. Qxd3+ Rxd3 35. Bf4 Nf5 36. Rh5 Rxf3 37. Rxf5 Rg4 38. Rxf7+ Kg8 39. e6 Rgxf4
40. Rxf4 Rxf4 41. Re1 Rf8 42. Kg2 Re8 43. f4 Rf8 44. Kg3 Kg7 45. Kg4 Kf6 46. f5
Rg8+ 47. Kf4 h5 48. e7 Re8 49. Re6+ Kf7 50. Kg5 Rxe7 51. Rxe7+ Kxe7 52. Kxh5
Kf6 53. Kg4 c5 54. Kf4 a5 55. Ke4 b4 56. Kd3 Kxf5 57. cxb4 cxb4 58. Kc4 Ke4 59.
Kb5 Kd3 60. Kxa5 Kc4 61. Ka4 Kc5 62. Kb3 Kb5 63. Kc2 Kc4 64. Kb2 Kc5 1/2-1/2

[Event "April TNT"]
[Site "Winnipeg CAN"]
[Date "2006.04.04"]
[Round "1"]
[White "Gibson, Fred"]
[Black "Greenberg, Harley"]
[Result "0-1"]
[WhiteElo "1203"]
[BlackElo "1738"]
[PlyCount "44"]
[EventDate "2006.04.04"]
[EventType "swiss"]
[EventRounds "4"]
[EventCountry "CAN"]

1. e4 c5 2. f4 Nc6 3. Nf3 d6 4. Bb5 Bd7 5. Nc3 a6 6. Be2 e6 7. d3 Be7 8. O-O
Nf6 9. Be3 Ng4 10. Bd2 b5 11. Ng5 Nh6 12. Bh5 O-O 13. Rf3 g6 14. Nxh7 Kxh7 15.
Bg4 Nxg4 16. Rh3+ Nh6 17. f5 Bg5 18. Rg3 Bxd2 19. Qxd2 b4 20. Rh3 g5 21. Qe2
bxc3 22. b3 exf5 0-1

[Event "April TNT"]
[Site "Winnipeg CAN"]
[Date "2006.04.04"]
[Round "1"]
[White "Khedkar, Jay"]
[Black "Reimer, Bruce"]
[Result "1-0"]
[WhiteElo "1854"]
[BlackElo "1503"]
[PlyCount "61"]
[EventDate "2006.04.04"]
[EventType "swiss"]
[EventRounds "4"]
[EventCountry "CAN"]

1. e4 Nf6 2. e5 Nd5 3. d4 d6 4. Nf3 Bg4 5. Be2 e6 6. O-O Be7 7. c4 Nb6 8. Nc3
Nc6 9. Be3 Bxf3 10. Bxf3 Nxc4 11. Bxc6+ bxc6 12. Qa4 Nb6 13. Qxc6+ Qd7 14.
Qxd7+ Kxd7 15. Rac1 c6 16. Ne4 d5 17. Nc5+ Bxc5 18. Rxc5 Rhc8 19. b3 a5 20. a4
Ra6 21. Rfc1 Na8 22. Bd2 Rb8 23. R1c3 Rab6 24. Kf1 Rxb3 25. Rxc6 Rxc3 26. Rd6+
Ke7 27. Bxc3 Rb6 28. Bxa5 Rxd6 29. Bb4 Nb6 30. a5 Nc4 31. a6 1-0

[Event "April TNT"]
[Site "Winnipeg CAN"]
[Date "2006.04.04"]
[Round "1"]
[White "Milord, Frank"]
[Black "Melamedoff, Gustavo"]
[Result "0-1"]
[WhiteElo "1604"]
[BlackElo "2002"]
[PlyCount "56"]
[EventDate "2006.04.04"]
[EventType "swiss"]
[EventRounds "4"]
[EventCountry "CAN"]

1. e4 c5 2. Nf3 d6 3. d4 cxd4 4. Nxd4 Nf6 5. Nc3 a6 6. Be2 e5 7. Nb3 Be7 8. O-O
O-O 9. Be3 Qc7 10. f4 Be6 11. g4 exf4 12. Bxf4 Nc6 13. Nc5 Qb6 14. Nd5 Bxd5 15.
exd5 Qxc5+ 16. Kh1 Qxd5+ 17. Bf3 Qxd1 18. Rfxd1 Rad8 19. g5 Nd7 20. Bxd6 Bxd6
21. Rxd6 Nde5 22. Rxd8 Rxd8 23. Be4 g6 24. Kg2 b5 25. a4 Rd6 26. Bxc6 Nxc6 27.
axb5 axb5 28. Kg3 Rd2 0-1

[Event "April TNT"]
[Site "Winnipeg CAN"]
[Date "2006.04.04"]
[Round "1"]
[White "Rumpel, Chris"]
[Black "Lauritson, Jim"]
[Result "1-0"]
[WhiteElo "1571"]
[BlackElo "1894"]
[PlyCount "87"]
[EventDate "2006.04.04"]
[EventType "swiss"]
[EventRounds "4"]
[EventCountry "CAN"]

1. d4 Nf6 2. c4 e6 3. Nc3 Bb4 4. Qc2 d5 5. a3 Be7 6. Nf3 c6 7. e4 dxe4 8. Nxe4
Nbd7 9. Bd3 Nxe4 10. Bxe4 Nf6 11. Bd3 O-O 12. O-O b6 13. Rd1 Bb7 14. c5 h6 15.
h3 Qd5 16. b4 Rfd8 17. Ne5 a5 18. Be3 bxc5 19. bxc5 Rdb8 20. Rab1 Qd8 21. Bf4
Nd5 22. Bg3 Bg5 23. f4 Ne3 24. Bh7+ Kf8 25. Qf2 Nxd1 26. Rxd1 Bf6 27. Ng4 g6
28. f5 exf5 29. Nxf6 Qxf6 30. Bd6+ Ke8 31. Re1+ Kd7 32. Re7+ Qxe7 33. Bxe7 Kxe7
34. Qe3+ Kd7 35. Qxh6 Ba6 36. Qg7 Bc4 37. Bxg6 Re8 38. Bxf5+ Kc7 39. Qg3+ Kb7
40. Qc3 Bb5 41. Qb3 a4 42. Qxf7+ Ka6 43. Be4 Rxe4 44. Qc7 1-0

[Event "April TNT"]
[Site "Winnipeg CAN"]
[Date "2006.04.04"]
[Round "1"]
[White "Schulz, Waldemar"]
[Black "Nguyen, Huy"]
[Result "1-0"]
[WhiteElo "2095"]
[BlackElo "1647"]
[PlyCount "63"]
[EventDate "2006.04.04"]
[EventType "swiss"]
[EventRounds "4"]
[EventCountry "CAN"]

1. d4 d5 2. c4 e6 3. g3 Nf6 4. Bg2 c6 5. Nc3 Bd6 6. Nf3 Nbd7 7. O-O dxc4 8. e4
Be7 9. a4 Qa5 10. Bd2 Bb4 11. Qe2 Nb6 12. Ne5 Qa6 13. a5 Nbd7 14. Qxc4 Qxc4 15.
Nxc4 O-O 16. Rfd1 Re8 17. Bf4 b6 18. axb6 a5 19. Bd6 Bb7 20. Bc7 Rec8 21. Na4
Ne8 22. Bf4 h6 23. Be3 Nd6 24. Nxd6 Bxd6 25. Nc5 Nxc5 26. dxc5 Be5 27. Rd7 Rcb8
28. Bf4 Bxf4 29. gxf4 a4 30. e5 Ra5 31. b4 Ra6 32. b5 1-0

[Event "April TNT"]
[Site "Winnipeg CAN"]
[Date "2006.04.04"]
[Round "1"]
[White "Tang, Edward"]
[Black "Essery, Richard"]
[Result "1-0"]
[WhiteElo "1973"]
[BlackElo "1573"]
[PlyCount "39"]
[EventDate "2006.04.04"]
[EventType "swiss"]
[EventRounds "4"]
[EventCountry "CAN"]

1. d4 b6 2. e4 Bb7 3. Bd3 e6 4. Nf3 c5 5. c3 cxd4 6. cxd4 Nf6 7. Qe2 Be7 8. Nc3
O-O 9. O-O Re8 10. Bf4 Nh5 11. Be3 a6 12. Rad1 Qc7 13. e5 g6 14. Ng5 Ng7 15.
Qg4 h6 16. Nxf7 Kxf7 17. Qxg6+ Kg8 18. Qh7+ Kf7 19. Bg6+ Kf8 20. Qh8# 1-0

[Event "April TNT"]
[Site "Winnipeg CAN"]
[Date "2006.04.04"]
[Round "1"]
[White "Van Wyk, Joseph"]
[Black "Wood, Nathan"]
[Result "1-0"]
[WhiteElo "1885"]
[BlackElo "1549"]
[PlyCount "51"]
[EventDate "2006.04.04"]
[EventType "swiss"]
[EventRounds "4"]
[EventCountry "CAN"]

1. e4 c5 2. c3 Nf6 3. e5 Nd5 4. d4 cxd4 5. cxd4 d6 6. f4 Nc6 7. Nf3 e6 8. Nc3
dxe5 9. fxe5 Bb4 10. Bd2 Nxc3 11. bxc3 Be7 12. Bd3 Bd7 13. O-O O-O 14. Qe2 Rc8
15. Qe4 g6 16. Bh6 f5 17. exf6 Rxf6 18. Rab1 Qc7 19. Bg5 Rxf3 20. Qxf3 Bxg5 21.
Qf7+ Kh8 22. Bxg6 hxg6 23. Qxg6 Be3+ 24. Kh1 Bf4 25. Rb5 e5 26. Rxf4 1-0

[Event "April TNT"]
[Site "Winnipeg CAN"]
[Date "2006.04.04"]
[Round "1"]
[White "Wasserman, Arie"]
[Black "Rutter, Blair"]
[Result "0-1"]
[WhiteElo "1537"]
[BlackElo "1855"]
[PlyCount "96"]
[EventDate "2006.04.04"]
[EventType "swiss"]
[EventRounds "4"]
[EventCountry "CAN"]

1. e4 e6 2. d4 d5 3. Nc3 Nf6 4. e5 Nfd7 5. Nf3 c5 6. Bb5 Qb6 7. Be3 Nc6 8. O-O
a6 9. Bxc6 bxc6 10. Na4 Qb5 11. c3 Be7 12. Rb1 Rb8 13. Nd2 cxd4 14. cxd4 Nf8
15. Nc3 Qd3 16. Qa4 Bd7 17. Qa5 Ng6 18. Rfd1 O-O 19. Nf3 Qc4 20. Nd2 Qd3 21.
Nb3 Qc4 22. Qc7 Rfd8 23. Na5 Qb4 24. Nxc6 Bxc6 25. Qxc6 Rdc8 26. Qxa6 Rxc3 27.
Bd2 Qxd4 28. Bxc3 Qe4 29. Qa7 Rc8 30. f3 Qxb1 31. Rxb1 Bc5+ 32. Qxc5 Rxc5 33.
g3 Rc4 34. a3 d4 35. Bd2 Nxe5 36. Kf2 Rc2 37. Ke2 f6 38. b3 Kf7 39. f4 Nd7 40.
Kd3 Ra2 41. Bb4 e5 42. fxe5 fxe5 43. h4 Rg2 44. Rf1+ Ke6 45. Rf3 Kd5 46. Rf5 g6
47. Rg5 h6 48. Rg4 Nf6 0-1

[Event "April TNT"]
[Site "Winnipeg CAN"]
[Date "2006.04.04"]
[Round "1"]
[White "Wierda, John"]
[Black "Wasserman, Leor"]
[Result "1-0"]
[WhiteElo "1786"]
[BlackElo "1331"]
[PlyCount "97"]
[EventDate "2006.04.04"]
[EventType "swiss"]
[EventRounds "4"]
[EventCountry "CAN"]

1. Nf3 Nc6 2. g3 e5 3. d3 d5 4. Bg2 Bc5 5. Nc3 Nge7 6. O-O O-O 7. Re1 f5 8. e4
dxe4 9. dxe4 Qxd1 10. Rxd1 f4 11. Na4 Bb6 12. Nxb6 axb6 13. a3 Bg4 14. Rd3 Rad8
15. Ne1 Nd4 16. f3 Be6 17. Kf2 Rd7 18. b4 c5 19. gxf4 exf4 20. Bb2 Ndc6 21.
Rxd7 Bxd7 22. Rd1 Be6 23. Nd3 Rd8 24. Ke1 cxb4 25. axb4 Bc4 26. Nxf4 Rxd1+ 27.
Kxd1 Nxb4 28. Nh5 g6 29. Nf6+ Kf7 30. Nxh7 Ba2 31. Ng5+ Kf8 32. Bf1 Nec6 33.
Ba3 Kg8 34. Kd2 Na6 35. Kc3 Kg7 36. Bc4 Bxc4 37. Kxc4 Kf6 38. f4 Nc7 39. Bb2+
Ke7 40. f5 Na5+ 41. Kd3 gxf5 42. exf5 Nd5 43. h4 Nb4+ 44. Kc3 Nd5+ 45. Kd4 Nf4
46. f6+ Kd6 47. f7 Nc6+ 48. Ke4 Ng6 49. h5 1-0

[Event "April TNT"]
[Site "Winnipeg CAN"]
[Date "2006.04.11"]
[Round "2"]
[White "Essery, Richard"]
[Black "Gibbons, Lorne"]
[Result "1-0"]
[WhiteElo "1573"]
[BlackElo "1317"]
[PlyCount "37"]
[EventDate "2006.04.04"]
[EventType "swiss"]
[EventRounds "4"]
[EventCountry "CAN"]

1. e4 c5 2. d4 cxd4 3. c3 dxc3 4. Nxc3 e6 5. Bc4 Bb4 6. Bd2 Qc7 7. Bb3 a6 8.
Nf3 Nf6 9. Qe2 O-O 10. O-O b5 11. Nxb5 axb5 12. Bxb4 Rd8 13. Rac1 Qb7 14. Be7
Re8 15. Bxf6 gxf6 16. Nd4 Ra5 17. Qg4+ Kh8 18. Qh4 Rg8 19. Qxf6+ 1-0